000 00361nam a2200145Ia 4500
008 230917s9999||||xx |||||||||||||| ||und||
040 _e150555
_aMAIN
041 _aEnglish
082 _a822.33 S15Q:W
100 _aQuennell, peter
245 0 _aWho 's who in shakespeare
260 _aLondon
_bWeidenfeld & Nicolson
_c1975
300 _a289 p.
942 _cBK
999 _c193306
_d193306